000 01019nam a2200241 a 4500
001 70961
003 BD-RjUL
005 20211209082049.0
008 170423s2005 b a|||| |b|| 001 0 ben d
020 _a9840744801
_c : TK. 90.00
035 _a(BD-RjUL)71175
040 _aBD-RjUL
_bben
_cBD-RjUL
_dBD-RjUL
041 _aben
082 _223
_a930.1
_bAHS 2005
100 1 0 _aআহম্মদ, নাজিমুদ্দিন
_9209985
245 1 0 _aসিল্ক রোডের গৌরবময় প্রত্নসম্পদ = (The glorious archaeological site of Silk Road) /
_cনাজিমুদ্দিন আহম্মদ
260 _aঢাকা :
_bবাংলা একাডেমী,
_c২০০৫
300 _a১৪০ পৃ. :
_bচিত্র্র ;
_c২০ সেমি.
504 _aগ্রন্থপঞ্জি ও নির্ঘন্ট সংবলিত
650 _aপুরাতত্ত্ব
_9122276
650 _aArchaeology
_9209986
942 _2ddc
_cBK
999 _c70961
_d70961